000 00551nam a2200193Ia 4500
008 220204s9999 xx 000 0 und d
082 _aNR:063RG`1973'
_bRRM
245 0 _aProceedings othe R.R.I.M planters' conference,Kuala Lumpur,1973
260 _aKualaLumpur
_bRRIM
_c1973
650 _aArtificial defoliation
650 _aethrel trials
650 _aNatural rubber processing
650 _apalletisation
650 _arubber effluent
650 _aSmallholders economics
650 _aSMR
650 _atapping stimulation
942 _cBK
999 _c24123
_d24123